Afrikan 10 harvimmin asutettua valtiota - Statistics

Yleistilastot
  • Tätä visaa on pelattu 806 kertaa
  • Keskiarvotulos 6 / 10
Vastaustilastot
Asukastiheys Valtio % Oikein
17,9 Kongon tasavalta
79%
3,91 Libya
78%
18,8 Mali
78%
14,2 Tšad
76%
4,72 Mauritania
70%
3,15 Namibia
70%
17,9 Etelä-Sudan
55%
9,22 Keski-Afrikan tasavalta
55%
4,60 Botswana
52%
9,11 Gabon
29%
Ehtoja vastaavia visoja ei löytynyt
Tulosjakauma
Jokaisen tuloksen saaneiden osuus
Persentiili vastausten määrän mukaan
Tuloshistoriasi
Et ole pelannut tätä visaa